Mujer y sociedad: análisis de un fenomeno reaccionario

Shranjeno v:
Bibliografske podrobnosti
Glavni avtor: Falcón, Lidia (Author)
Format: Knjiga
Jezik:španščina
Izdano: Barcelona Fontanella 1969
Serija:Informe, 20
Teme:
Oznake: Označite
Brez oznak, prvi označite!

MARC

LEADER 00000nam a2200000 a 4500
001 UCY7486
003 CL-VaPUC
008 950614e19690000SP |||||||||||||||||spa|d
082 0 4 |a 305.4  |b FAL  |2 21 
100 0 |a Falcón, Lidia  |e author  |9 327172 
245 1 0 |a Mujer y sociedad: análisis de un fenomeno reaccionario 
300 |a 444 p 
942 |c BK 
945 |d 19950614 00:00:00  |a rbrito 
260 |a Barcelona  |b Fontanella  |c 1969 
650 0 |a Mujeres  |9 257649 
650 0 |a Historia  |9 255047 
650 0 |a Derechos de la mujer  |9 257074 
650 0 |a Aspectos sociológicos   |9 309271 
650 0 |a Sufragio femenino  |9 337530 
583 |a last modification  |c 19950614 00:00:00  |k Rodrigo Vera 
490 0 |a Informe, 20 
999 |c 234856  |d 234854 
952 |0 0  |1 0  |4 0  |6 305_400000000000000_FAL_1969  |7 0  |8 A  |9 241614  |a BIBDER  |b BIBDER  |d 2019-11-18  |i 2006189  |o 305.4 FAL 1969  |p 2006189  |r 2023-01-25  |w 2019-11-18  |y BK  |k DER